000 00653nam a22002177a 4500
003 UA-OsUOA
001 50060
007 ta
008 20071022b un ||||| |||| 00| 0 ukr d
100 _aАфанасенко О.
090 _a330(477)
_bА94
942 _cSA
040 _aUA-OsUOA
_bukr
_cUA-OsUOA
_dUA-OsUOA
245 _aКонцепція національного податку. Триєдиний, прозорий і справедливий
300 _aС.4-5
955 _a0
041 _aukr
080 _a330(477)
773 0 _w50059
_tУкраїна- business
_dК.
_d2007
_g32
650 7 _a330 Економіка взагалі
_2UDC
999 _c336157
_d336157